| 000 | 00343nam a22001337a 4500 | ||
|---|---|---|---|
| 020 | _a9789388909853 | ||
| 082 |
_aM 001.42 _bASH/M |
||
| 100 | _aAshok D'cruz | ||
| 245 |
_aMalayala gaveshanam: _bakavum puravum/ _cby Ashok D'cruz |
||
| 260 |
_aKozhikode: _bPavanatma, _c2020. |
||
| 300 | _a400p. | ||
| 650 | _aResearch Methodology | ||
| 942 | _cBK | ||
| 999 |
_c181895 _d181895 |
||